Statistiques concernant Classement ligue 1 2004/2005

Cliquez ici pour prendre le quiz!

Statistiques générales

  • Ce quiz a été pris 184 fois
  • Le résultat moyen est 17 sur 20

Statistiques - réponses

RankTeam% Correct
1Lyon
100%
5Marseille
99%
9Paris SG
98%
4Stade Rennais
98%
15Bordeaux
97%
2Lille
96%
12OGC Nice
95%
6Saint-Etienne
95%
17FC Nantes
92%
7RC Lens
92%
11Strasbourg
92%
3Monaco
90%
13Toulouse
90%
8Auxerre
84%
16Metz
80%
14AC Ajaccio
78%
19SC Bastia
78%
10Sochaux
75%
18SM Caen
65%
20Istres
34%

Distribution des résultats

Percentile par nombre de réponses

% des personnes avec chaque résultat

Votre développement - résultats

Vous n’avez pas pris ce quiz